000 00317nam a2200145Ia 4500
008 150201s2014 xx 000 0 und d
082 _a614.88
_bF14A
100 _aANAND, N.K.
245 _aFIRST AID
250 _a2ND
260 _bAITBS
_aDELHI
_c2014
300 _a235
650 _aFIRST AID
942 _2ddc
_cBK
_01
999 _c2288
_d2288